[Event "MP do lat 16 - dziewczeta"]
[Site "Sypniewo"]
[Date "2022.03.27"]
[Round "9.3"]
[White "Tokarz, Izabela"]
[Black "Rejniak, Zuzanna"]
[Result "0-1"]
[BlackElo "1816"]
[WhiteElo "1796"]
[LiveChessVersion "1.4.8"]

1. d4 {[%clk 1:29:31]} Nf6 {[%clk 1:30:48]} 2. c4 {[%clk 1:29:55]} e6
{[%clk 1:31:12]} 3. Nc3 {[%clk 1:29:29]} Bb4 {[%clk 1:31:35]} 4. a3
{[%clk 1:28:55]} Bxc3+ {[%clk 1:31:53]} 5. bxc3 {[%clk 1:29:22]} O-O
{[%clk 1:31:55]} 6. e3 {[%clk 1:29:42]} c5 {[%clk 1:32:06]} 7. Bd3
{[%clk 1:30:04]} Nc6 {[%clk 1:32:25]} 8. Nf3 {[%clk 1:28:17]} d5 {[%clk 1:29:34]}
9. cxd5 {[%clk 1:23:58]} exd5 {[%clk 1:29:00]} 10. O-O {[%clk 1:24:11]} c4
{[%clk 1:24:34]} 11. Bb1 {[%clk 1:23:34]} b5 {[%clk 1:22:40]} 12. Nd2
{[%clk 1:07:58]} Re8 {[%clk 1:14:51]} 13. Re1 {[%clk 1:07:11]} Bg4
{[%clk 1:04:18]} 14. f3 {[%clk 1:05:49]} Bh5 {[%clk 1:04:17]} 15. g4
{[%clk 0:54:30]} Bg6 {[%clk 1:03:15]} 16. Bxg6 {[%clk 0:44:25]} hxg6
{[%clk 1:01:42]} 17. Rb1 {[%clk 0:44:51]} Rb8 {[%clk 0:57:05]} 18. e4
{[%clk 0:44:18]} dxe4 {[%clk 0:56:28]} 19. fxe4 {[%clk 0:44:40]} Nxd4
{[%clk 0:54:03]} 20. cxd4 {[%clk 0:45:04]} Qxd4+ {[%clk 0:54:22]} 21. Kg2
{[%clk 0:41:08]} c3 {[%clk 0:48:51]} 22. Rb4 {[%clk 0:41:04]} Qb6
{[%clk 0:28:57]} 23. Nc4 {[%clk 0:31:06]} Qe6 {[%clk 0:29:21]} 24. Nd6
{[%clk 0:23:48]} Rbd8 {[%clk 0:27:19]} 25. Rd4 {[%clk 0:23:48]} c2
{[%clk 0:26:15]} 26. Qd3 {[%clk 0:23:38]} Qxg4+ {[%clk 0:26:11]} 27. Qg3
{[%clk 0:23:36]} Qd7 {[%clk 0:06:00]} 28. Nxe8 {[%clk 0:17:04]} Qxd4
{[%clk 0:06:19]} 29. Nxf6+ {[%clk 0:17:28]} Qxf6 {[%clk 0:06:01]} 30. Bg5
{[%clk 0:14:40]} Qb2 {[%clk 0:06:25]} 31. Bc1 {[%clk 0:10:26]} Qb1
{[%clk 0:03:41]} 32. Qe3 {[%clk 0:09:32]} a5 {[%clk 0:03:39]} 33. Qc3
{[%clk 0:07:37]} b4 {[%clk 0:02:56]} 34. axb4 {[%clk 0:05:46]} axb4
{[%clk 0:01:22]} 35. Qc7 {[%clk 0:04:26]} Rf8 {[%clk 0:00:36]} 36. Bd2
{[%clk 0:03:50]} b3 {[%clk 0:00:56]} 37. Rc1 {[%clk 0:00:59]} b2 {[%clk 0:00:45]}
38. Rxc2 {[%clk 0:01:16]} Qa2 {[%clk 0:01:04]} 39. Qd6 {[%clk 0:00:33]} b1=Q 40.
Rxa2 {[%clk 0:30:59]} Qxa2 {[%clk 0:31:33]} 41. Kf3 {[%clk 0:30:28]} Qc4
{[%clk 0:26:28]} 42. Be3 {[%clk 0:30:31]} Qf1+ {[%clk 0:26:03]} 43. Kg3
{[%clk 0:30:35]} Qe2 {[%clk 0:24:08]} 44. Bc5 {[%clk 0:29:55]} Re8
{[%clk 0:23:50]} 0-1

[Event "MP do lat 16 - dziewczeta"]
[Site "Sypniewo"]
[Date "2022.03.27"]
[Round "9.4"]
[White "Bukala, Weronika"]
[Black "Mroz, Lena"]
[Result "1/2-1/2"]
[BlackElo "1773"]
[WhiteElo "1801"]
[LiveChessVersion "1.4.8"]

1. e4 {[%clk 1:30:34]} c5 {[%clk 1:30:54]} 2. Nf3 {[%clk 1:30:51]} a6
{[%clk 1:31:18]} 3. g3 {[%clk 1:31:16]} e6 {[%clk 1:24:49]} 4. Bg2
{[%clk 1:30:15]} b5 {[%clk 1:23:39]} 5. d4 {[%clk 1:26:12]} cxd4 {[%clk 1:23:01]}
6. Nxd4 {[%clk 1:25:52]} Bb7 {[%clk 1:21:46]} 7. O-O {[%clk 1:22:22]} Nf6
{[%clk 1:05:25]} 8. Re1 {[%clk 1:14:59]} Nc6 {[%clk 0:44:37]} 9. e5
{[%clk 1:11:07]} Ng8 {[%clk 0:35:26]} 10. Nc3 {[%clk 1:00:13]} Nge7
{[%clk 0:23:50]} 11. Bg5 {[%clk 0:46:58]} Qb6 {[%clk 0:21:39]} 12. Be3
{[%clk 0:43:12]} Nxd4 {[%clk 0:17:26]} 13. Bxd4 {[%clk 0:43:29]} Qc7
{[%clk 0:17:33]} 14. Bxb7 {[%clk 0:43:26]} Qxb7 {[%clk 0:17:38]} 15. Bc5
{[%clk 0:43:26]} Nf5 {[%clk 0:13:32]} 16. Bxf8 {[%clk 0:43:21]} Kxf8
{[%clk 0:11:07]} 17. Ne4 {[%clk 0:42:27]} Qc6 {[%clk 0:05:37]} 18. Qd2
{[%clk 0:38:26]} a5 {[%clk 0:02:50]} 19. Rad1 {[%clk 0:37:19]} Ra7
{[%clk 0:02:59]} 20. Qg5 {[%clk 0:35:24]} Ra8 {[%clk 0:01:46]} 21. Qf4
{[%clk 0:28:52]} h5 {[%clk 0:01:16]} 22. Rd3 {[%clk 0:24:51]} Ra7
{[%clk 0:00:45]} 23. Rc3 {[%clk 0:22:53]} Qa8 {[%clk 0:00:59]} 24. Rd1
{[%clk 0:22:40]} Qb8 {[%clk 0:00:43]} 25. Nc5 {[%clk 0:22:03]} Ke7
{[%clk 0:00:46]} 26. Rcd3 {[%clk 0:20:31]} Rd8 {[%clk 0:00:44]} 27. Ne4
{[%clk 0:20:04]} Rh8 {[%clk 0:00:47]} 28. Qg5+ {[%clk 0:19:17]} Ke8
{[%clk 0:00:45]} 29. Nd6+ {[%clk 0:18:13]} Nxd6 {[%clk 0:01:06]} 30. exd6
{[%clk 0:18:34]} Kf8 {[%clk 0:00:57]} 31. Rf3 {[%clk 0:18:10]} f6
{[%clk 0:00:47]} 32. Rdd3 {[%clk 0:07:34]} Kf7 {[%clk 0:00:45]} 33. Qh4
{[%clk 0:06:47]} Ra6 {[%clk 0:00:54]} 34. Qd4 {[%clk 0:07:10]} Qb6
{[%clk 0:00:50]} 35. Qf4 {[%clk 0:06:07]} Qc6 {[%clk 0:00:52]} 36. Rd2
{[%clk 0:05:33]} Qc4 {[%clk 0:00:44]} 37. Qe5 {[%clk 0:03:36]} Qc6
{[%clk 0:00:50]} 38. Qe2 {[%clk 0:02:41]} b4 {[%clk 0:00:47]} 39. Rf4
{[%clk 0:02:47]} Ra7 {[%clk 0:00:53]} 40. Rc4 {[%clk 0:32:07]} Qb6
{[%clk 0:30:52]} 41. Rd3 {[%clk 0:21:39]} Qb5 {[%clk 0:18:15]} 42. b3
{[%clk 0:19:10]} Rb8 {[%clk 0:12:12]} 43. Qe3 {[%clk 0:17:47]} Qb6
{[%clk 0:11:43]} 44. Qf3 {[%clk 0:16:22]} Qb5 {[%clk 0:10:31]} 45. Rh4
{[%clk 0:12:21]} Rh8 {[%clk 0:09:43]} 46. Qe3 {[%clk 0:10:52]} Raa8
{[%clk 0:08:21]} 47. c3 {[%clk 0:09:40]} bxc3 {[%clk 0:04:57]} 48. Rxc3
{[%clk 0:09:59]} Rac8 {[%clk 0:05:13]} 49. Rhc4 {[%clk 0:09:40]} Rxc4
{[%clk 0:05:01]} 50. Rxc4 {[%clk 0:09:43]} Qd5 {[%clk 0:04:03]} 51. Rd4
{[%clk 0:09:18]} Qb7 {[%clk 0:03:07]} 52. Ra4 {[%clk 0:07:57]} Qd5
{[%clk 0:01:42]} 53. Rd4 {[%clk 0:06:34]} Qb7 {[%clk 0:01:38]} 54. Qd2
{[%clk 0:06:24]} Rc8 {[%clk 0:00:58]} 55. Ra4 {[%clk 0:04:12]} Rc6
{[%clk 0:01:08]} 56. Rxa5 {[%clk 0:03:20]} Qb6 {[%clk 0:01:22]} 57. Rxh5
{[%clk 0:03:13]} Rxd6 {[%clk 0:01:49]} 58. Qe2 {[%clk 0:03:01]} Qb4
{[%clk 0:01:05]} 59. Rb5 {[%clk 0:01:05]} Qc3 {[%clk 0:01:07]} 60. Qh5+
{[%clk 0:00:59]} Ke7 {[%clk 0:01:09]} 1/2-1/2

[Event "MP do lat 16 - dziewczeta"]
[Site "Sypniewo"]
[Date "2022.03.27"]
[Round "9.5"]
[White "Oborska, Magda"]
[Black "Szopa, Emilia"]
[Result "0-1"]
[BlackElo "1758"]
[WhiteElo "1627"]
[LiveChessVersion "1.4.8"]

1. Nf3 {[%clk 1:30:57]} c6 {[%clk 1:30:15]} 2. g3 {[%clk 1:30:51]} f5
{[%clk 1:29:31]} 3. Bg2 {[%clk 1:30:56]} g6 {[%clk 1:29:44]} 4. d4
{[%clk 1:30:47]} Nf6 {[%clk 1:29:58]} 5. c4 {[%clk 1:30:44]} Bg7 {[%clk 1:30:20]}
6. Nc3 {[%clk 1:31:04]} O-O {[%clk 1:28:59]} 7. O-O {[%clk 1:31:27]} d6
{[%clk 1:28:10]} 8. Re1 {[%clk 1:30:14]} Ne4 {[%clk 1:13:02]} 9. Nxe4
{[%clk 1:26:44]} fxe4 {[%clk 1:13:19]} 10. Nd2 {[%clk 1:26:38]} Bxd4
{[%clk 1:04:07]} 11. Nxe4 {[%clk 1:26:49]} Qb6 {[%clk 1:02:56]} 12. e3
{[%clk 1:21:33]} Bg7 {[%clk 0:56:29]} 13. Qc2 {[%clk 1:09:28]} Bf5
{[%clk 0:53:11]} 14. c5 {[%clk 1:06:34]} Qb5 {[%clk 0:42:25]} 15. cxd6
{[%clk 1:03:56]} exd6 {[%clk 0:41:02]} 16. Nxd6 {[%clk 0:46:13]} Bxc2
{[%clk 0:33:47]} 17. Nxb5 {[%clk 0:46:00]} cxb5 {[%clk 0:34:07]} 18. Re2
{[%clk 0:41:35]} Bf5 {[%clk 0:32:56]} 19. Bxb7 {[%clk 0:41:49]} Nd7
{[%clk 0:33:07]} 20. Bd5+ {[%clk 0:41:19]} Kh8 {[%clk 0:33:16]} 21. Bxa8
{[%clk 0:41:41]} Rxa8 {[%clk 0:33:38]} 22. f3 {[%clk 0:39:58]} Ne5
{[%clk 0:31:23]} 23. e4 {[%clk 0:35:34]} Be6 {[%clk 0:23:29]} 24. Kg2
{[%clk 0:34:24]} Bc4 {[%clk 0:21:12]} 25. Rc2 {[%clk 0:24:44]} Rc8
{[%clk 0:16:13]} 26. Rd2 {[%clk 0:20:33]} Nd3 {[%clk 0:14:56]} 27. a4
{[%clk 0:08:23]} Bd4 {[%clk 0:08:52]} 28. axb5 {[%clk 0:06:45]} Ne1+
{[%clk 0:05:16]} 29. Kh1 {[%clk 0:04:55]} Nxf3 {[%clk 0:05:14]} 30. Rxd4
{[%clk 0:03:40]} Nxd4 {[%clk 0:05:18]} 31. b3 {[%clk 0:03:12]} Nxb3
{[%clk 0:03:36]} 32. Bb2+ {[%clk 0:03:38]} Kg8 {[%clk 0:03:59]} 33. Rxa7
{[%clk 0:03:59]} Bxb5 {[%clk 0:02:55]} 34. Rg7+ {[%clk 0:04:06]} Kf8
{[%clk 0:03:21]} 35. Rxh7 {[%clk 0:04:27]} Rc2 {[%clk 0:03:15]} 36. Ba3+
{[%clk 0:03:10]} Kg8 {[%clk 0:02:58]} 37. Rb7 {[%clk 0:02:49]} Nd4
{[%clk 0:02:32]} 38. Rb8+ {[%clk 0:02:19]} Kh7 {[%clk 0:02:11]} 39. Rf8
{[%clk 0:02:17]} Bc6 {[%clk 0:01:23]} 40. Kg1 {[%clk 0:31:11]} Bxe4
{[%clk 0:31:09]} 41. Rf2 {[%clk 0:22:01]} Nf3+ {[%clk 0:26:53]} 42. Kg2
{[%clk 0:20:04]} Nxh2+ {[%clk 0:25:41]} 43. Kg1 {[%clk 0:20:24]} Nf3+
{[%clk 0:24:46]} 44. Kg2 {[%clk 0:18:07]} Ng5+ {[%clk 0:17:48]} 45. Kf1
{[%clk 0:16:58]} Rc3 {[%clk 0:17:24]} 46. Bd6 {[%clk 0:11:18]} Bf3
{[%clk 0:12:06]} 47. Rh2+ {[%clk 0:09:33]} Kg8 {[%clk 0:12:12]} 48. Rh8+
{[%clk 0:09:31]} Kf7 {[%clk 0:12:03]} 49. Bb4 {[%clk 0:06:08]} Rb3
{[%clk 0:10:25]} 50. Rh4 {[%clk 0:02:58]} Ne4 {[%clk 0:08:39]} 51. Rf4+
{[%clk 0:03:18]} Ke6 {[%clk 0:08:36]} 52. Be1 {[%clk 0:03:29]} g5
{[%clk 0:07:11]} 53. Rf8 {[%clk 0:03:50]} Rb1 {[%clk 0:07:00]} 54. Re8+
{[%clk 0:01:53]} Kf5 {[%clk 0:07:18]} 55. Rf8+ {[%clk 0:01:46]} Kg4
{[%clk 0:07:34]} 56. Re8 {[%clk 0:01:38]} Nxg3+ {[%clk 0:06:56]} 57. Kf2
{[%clk 0:02:04]} Rb2+ {[%clk 0:07:11]} 58. Kg1 {[%clk 0:01:19]} Rg2# 0-1

[Event "MP do lat 16 - dziewczeta"]
[Site "Sypniewo"]
[Date "2022.03.27"]
[Round "9.6"]
[White "Bialek, Alicja"]
[Black "Obrochta, Lena"]
[Result "1-0"]
[BlackElo "1685"]
[WhiteElo "1383"]
[LiveChessVersion "1.4.8"]

1. e4 {[%clk 1:30:57]} c5 {[%clk 1:30:46]} 2. Nf3 {[%clk 1:31:22]} e6
{[%clk 1:31:10]} 3. d4 {[%clk 1:31:35]} cxd4 {[%clk 1:31:32]} 4. Nxd4
{[%clk 1:32:03]} Nf6 {[%clk 1:31:37]} 5. Nc3 {[%clk 1:27:40]} d6 {[%clk 1:31:52]}
6. Bd3 {[%clk 1:20:07]} Be7 {[%clk 1:30:19]} 7. Be3 {[%clk 1:15:39]} Nc6
{[%clk 1:28:17]} 8. h3 {[%clk 1:02:59]} e5 {[%clk 1:21:43]} 9. Nde2
{[%clk 1:01:58]} Be6 {[%clk 1:13:32]} 10. f4 {[%clk 0:57:16]} O-O
{[%clk 1:12:57]} 11. f5 {[%clk 0:56:02]} Bc8 {[%clk 1:12:49]} 12. g4
{[%clk 0:55:19]} d5 {[%clk 1:11:41]} 13. Bf2 {[%clk 0:54:29]} Bb4
{[%clk 1:00:37]} 14. a3 {[%clk 0:44:44]} dxe4 {[%clk 0:56:38]} 15. Bc4
{[%clk 0:37:20]} Bxc3+ {[%clk 0:52:31]} 16. Nxc3 {[%clk 0:37:17]} Nd4
{[%clk 0:37:13]} 17. Bxd4 {[%clk 0:07:46]} exd4 {[%clk 0:37:09]} 18. Nb5
{[%clk 0:07:51]} Nd5 {[%clk 0:33:16]} 19. Qxd4 {[%clk 0:06:03]} Qh4+
{[%clk 0:32:32]} 20. Qf2 {[%clk 0:05:57]} Qxf2+ {[%clk 0:31:56]} 21. Kxf2
{[%clk 0:06:25]} Nb6 {[%clk 0:31:58]} 22. Ba2 {[%clk 0:04:16]} Bd7
{[%clk 0:31:35]} 23. Nd6 {[%clk 0:04:15]} Bc6 {[%clk 0:29:09]} 24. Rhe1
{[%clk 0:04:35]} Rad8 {[%clk 0:23:58]} 25. Nxe4 {[%clk 0:03:17]} Rd4
{[%clk 0:22:49]} 26. Ng5 {[%clk 0:03:02]} Nc4 {[%clk 0:13:53]} 27. b4
{[%clk 0:00:39]} h6 {[%clk 0:11:59]} 28. Nf3 {[%clk 0:00:40]} Rf4
{[%clk 0:11:58]} 29. Bxc4 {[%clk 0:00:42]} Rxf3+ {[%clk 0:12:11]} 30. Kg1
{[%clk 0:00:37]} Rg3+ {[%clk 0:11:16]} 31. Kf1 {[%clk 0:00:40]} Rxh3
{[%clk 0:11:06]} 32. b5 {[%clk 0:00:38]} Bf3 {[%clk 0:10:24]} 33. Be2
{[%clk 0:00:36]} Rc8 {[%clk 0:09:58]} 34. Bd3 {[%clk 0:00:31]} Bxg4
{[%clk 0:09:33]} 35. Kg2 {[%clk 0:00:42]} Rh5 {[%clk 0:09:11]} 36. Re5
{[%clk 0:00:56]} Rg5 {[%clk 0:07:37]} 37. Kf2 {[%clk 0:00:51]} Kf8
{[%clk 0:03:13]} 38. Rae1 {[%clk 0:00:45]} f6 {[%clk 0:02:24]} 39. Rd5
{[%clk 0:00:48]} Re8 {[%clk 0:02:13]} 40. c4 {[%clk 0:30:45]} Rxe1
{[%clk 0:31:32]} 41. Kxe1 {[%clk 0:30:45]} Ke7 {[%clk 0:29:49]} 42. Kf2
{[%clk 0:28:32]} h5 {[%clk 0:28:23]} 43. Be4 {[%clk 0:26:36]} b6 {[%clk 0:22:45]}
44. a4 {[%clk 0:26:07]} h4 {[%clk 0:17:32]} 45. a5 {[%clk 0:23:56]} Bh5
{[%clk 0:15:50]} 46. c5 {[%clk 0:19:46]} Bf7 {[%clk 0:15:07]} 47. Rd3
{[%clk 0:12:35]} bxc5 {[%clk 0:10:24]} 48. b6 {[%clk 0:12:13]} axb6
{[%clk 0:09:23]} 49. axb6 {[%clk 0:11:28]} Rg3 {[%clk 0:06:06]} 50. b7
{[%clk 0:11:25]} Rxd3 {[%clk 0:06:29]} 51. Bxd3 {[%clk 0:11:47]} Bd5
{[%clk 0:03:58]} 52. b8=Q {[%clk 0:11:49]} h3 {[%clk 0:04:00]} 53. Qc7+
{[%clk 0:11:09]} Ke8 {[%clk 0:04:20]} 54. Bb5+ {[%clk 0:11:22]} 1-0

[Event "MP do lat 16 - dziewczeta"]
[Site "Sypniewo"]
[Date "2022.03.27"]
[Round "9.7"]
[White "Janikowska, Wiktoria"]
[Black "Arciszewska, Zuzanna"]
[Result "0-1"]
[BlackElo "1589"]
[WhiteElo "1564"]
[LiveChessVersion "1.4.8"]

1. e4 {[%clk 1:30:57]} e5 {[%clk 1:30:50]} 2. Nf3 {[%clk 1:31:16]} Nc6
{[%clk 1:31:01]} 3. d4 {[%clk 1:31:33]} exd4 {[%clk 1:31:15]} 4. Nxd4
{[%clk 1:31:36]} Bc5 {[%clk 1:31:06]} 5. Nb3 {[%clk 1:31:44]} Bb6
{[%clk 1:31:17]} 6. Nc3 {[%clk 1:32:06]} d6 {[%clk 1:30:20]} 7. Qe2
{[%clk 1:31:49]} Be6 {[%clk 1:27:11]} 8. Be3 {[%clk 1:31:28]} Nf6
{[%clk 1:25:25]} 9. f3 {[%clk 1:29:44]} Qe7 {[%clk 1:22:16]} 10. O-O-O
{[%clk 1:26:42]} O-O-O {[%clk 1:19:38]} 11. Bxb6 {[%clk 1:24:39]} axb6
{[%clk 1:19:38]} 12. Nd4 {[%clk 1:23:36]} Nxd4 {[%clk 1:07:55]} 13. Rxd4
{[%clk 1:23:51]} c6 {[%clk 0:57:31]} 14. Qe3 {[%clk 1:15:08]} Nd7
{[%clk 0:46:44]} 15. Be2 {[%clk 1:09:31]} Rhe8 {[%clk 0:41:17]} 16. Rhd1
{[%clk 1:04:14]} Nc5 {[%clk 0:38:06]} 17. a3 {[%clk 0:48:23]} Kc7
{[%clk 0:30:42]} 18. Na4 {[%clk 0:41:37]} Nxa4 {[%clk 0:29:34]} 19. Rxa4
{[%clk 0:41:59]} Ra8 {[%clk 0:29:58]} 20. Rxa8 {[%clk 0:41:31]} Rxa8
{[%clk 0:30:17]} 21. f4 {[%clk 0:40:56]} Ra4 {[%clk 0:27:23]} 22. e5
{[%clk 0:36:27]} d5 {[%clk 0:26:55]} 23. g4 {[%clk 0:35:47]} Re4 {[%clk 0:23:24]}
24. Qf2 {[%clk 0:35:04]} g5 {[%clk 0:21:28]} 25. f5 {[%clk 0:25:31]} Bd7
{[%clk 0:20:52]} 26. Bd3 {[%clk 0:13:23]} Rxe5 {[%clk 0:16:47]} 27. Qg3
{[%clk 0:08:42]} Kc8 {[%clk 0:13:25]} 28. Qf2 {[%clk 0:04:00]} Kc7
{[%clk 0:10:01]} 29. Qg3 {[%clk 0:03:19]} f6 {[%clk 0:10:16]} 30. h4
{[%clk 0:03:12]} h6 {[%clk 0:09:47]} 31. hxg5 {[%clk 0:03:13]} hxg5
{[%clk 0:10:10]} 32. Rh1 {[%clk 0:02:22]} c5 {[%clk 0:09:42]} 33. c4
{[%clk 0:02:18]} dxc4 {[%clk 0:06:24]} 34. Bxc4 {[%clk 0:02:31]} b5
{[%clk 0:06:44]} 35. Bd3 {[%clk 0:01:53]} Kb6 36. Bc2 {[%clk 0:01:59]} Re3
{[%clk 0:06:02]} 37. Qf2 {[%clk 0:02:08]} Bc6 {[%clk 0:05:20]} 38. Rd1
{[%clk 0:02:06]} Re2 {[%clk 0:05:11]} 39. Qg3 {[%clk 0:01:32]} Rg2
{[%clk 0:02:38]} 40. Qc3 {[%clk 0:31:33]} Rxg4 {[%clk 0:30:51]} 41. Re1
{[%clk 0:31:20]} Qd6 {[%clk 0:30:44]} 42. Kb1 {[%clk 0:29:12]} Rc4
{[%clk 0:28:51]} 43. Qe3 {[%clk 0:25:08]} Rd4 {[%clk 0:20:23]} 44. Qe6
{[%clk 0:22:43]} Bd7 {[%clk 0:17:22]} 45. Qg8 {[%clk 0:20:32]} Ka7
{[%clk 0:15:08]} 46. Qd8 {[%clk 0:11:49]} Qb6 {[%clk 0:15:13]} 47. Qe7
{[%clk 0:09:52]} Rd5 {[%clk 0:13:57]} 48. Rf1 {[%clk 0:09:20]} Qa6
{[%clk 0:07:08]} 49. Rf2 {[%clk 0:04:01]} Rd4 {[%clk 0:04:45]} 50. Qxc5+
{[%clk 0:03:08]} Qb6 {[%clk 0:05:13]} 51. Qc3 {[%clk 0:02:17]} Rc4
{[%clk 0:02:47]} 52. Qd2 {[%clk 0:02:21]} Bc6 {[%clk 0:02:52]} 53. Re2
{[%clk 0:01:51]} g4 54. Qe1 {[%clk 0:01:20]} b4 {[%clk 0:00:51]} 55. axb4
{[%clk 0:00:46]} Rxb4 {[%clk 0:01:19]} 56. Bd1 {[%clk 0:00:43]} Qd4
{[%clk 0:00:55]} 57. Qf2 {[%clk 0:00:34]} Qxf2 {[%clk 0:00:55]} 58. Rxf2
{[%clk 0:00:58]} g3 {[%clk 0:01:15]} 59. Rf1 {[%clk 0:01:15]} g2 60. Rg1
{[%clk 0:00:54]} Rh4 {[%clk 0:01:50]} 0-1

[Event "MP do lat 16 - dziewczeta"]
[Site "Sypniewo"]
[Date "2022.03.27"]
[Round "9.8"]
[White "Kucharska, Helena"]
[Black "Samol, Julia"]
[Result "1-0"]
[BlackElo "1317"]
[WhiteElo "1687"]
[LiveChessVersion "1.4.8"]

1. d4 {[%clk 1:30:58]} d5 {[%clk 1:30:57]} 2. c4 {[%clk 1:31:20]} e6
{[%clk 1:31:20]} 3. Nf3 {[%clk 1:31:33]} c6 {[%clk 1:31:44]} 4. Qc2
{[%clk 1:31:56]} Bd6 {[%clk 1:27:30]} 5. Bg5 {[%clk 1:32:02]} Ne7
{[%clk 1:25:23]} 6. e3 {[%clk 1:31:48]} O-O {[%clk 1:23:22]} 7. Nc3
{[%clk 1:27:22]} Bd7 {[%clk 1:13:03]} 8. b3 {[%clk 1:22:40]} Be8 {[%clk 1:10:34]}
9. Bd3 {[%clk 1:17:46]} h6 {[%clk 1:10:29]} 10. Bh4 {[%clk 1:18:02]} Qd7
{[%clk 1:07:01]} 11. O-O {[%clk 1:15:16]} f5 12. a4 {[%clk 1:10:29]} Na6
{[%clk 0:58:05]} 13. Na2 {[%clk 1:08:44]} Kh8 {[%clk 0:51:53]} 14. Bg3
{[%clk 1:08:21]} Rg8 {[%clk 0:50:28]} 15. Ne5 {[%clk 1:08:02]} Qd8
{[%clk 0:50:22]} 16. c5 {[%clk 1:07:25]} Bc7 {[%clk 0:47:34]} 17. Bxa6
{[%clk 1:06:23]} bxa6 {[%clk 0:47:58]} 18. b4 {[%clk 1:06:04]} g5
{[%clk 0:41:32]} 19. Qe2 {[%clk 1:02:44]} h5 {[%clk 0:30:50]} 20. f4
{[%clk 1:01:38]} h4 {[%clk 0:26:25]} 21. Be1 {[%clk 1:01:42]} Bxe5
{[%clk 0:20:50]} 22. fxe5 {[%clk 1:01:44]} Qc8 {[%clk 0:19:45]} 23. Nc3
{[%clk 1:01:27]} Rg7 {[%clk 0:18:19]} 24. Bd2 {[%clk 1:00:59]} Rh7
{[%clk 0:16:03]} 25. Rfb1 {[%clk 0:59:50]} Bh5 {[%clk 0:14:39]} 26. Qf1
{[%clk 0:59:57]} Bg6 {[%clk 0:09:03]} 27. Rb2 {[%clk 0:59:20]} Rf7
{[%clk 0:08:44]} 28. Qe1 {[%clk 0:58:15]} Bh5 {[%clk 0:07:45]} 29. b5
{[%clk 0:56:28]} Ng6 {[%clk 0:07:07]} 30. Rab1 {[%clk 0:51:01]} f4
{[%clk 0:06:40]} 31. exf4 {[%clk 0:51:16]} Nxf4 {[%clk 0:07:10]} 32. Bxf4
{[%clk 0:51:00]} Rxf4 {[%clk 0:07:38]} 33. b6 {[%clk 0:49:06]} axb6
{[%clk 0:07:39]} 34. cxb6 {[%clk 0:48:47]} Qb7 {[%clk 0:07:31]} 35. Qd2
{[%clk 0:38:57]} Raf8 {[%clk 0:06:20]} 36. Ne2 {[%clk 0:34:37]} R4f5
{[%clk 0:06:23]} 37. h3 {[%clk 0:31:27]} Kh7 {[%clk 0:02:58]} 38. Qc2
{[%clk 0:26:17]} Kg8 {[%clk 0:02:22]} 39. Qd2 {[%clk 0:21:39]} g4
{[%clk 0:01:02]} 40. hxg4 {[%clk 0:50:36]} Bxg4 {[%clk 0:31:29]} 41. Qh6
{[%clk 0:48:42]} Rh5 {[%clk 0:16:39]} 42. Qg6+ {[%clk 0:46:56]} Qg7
{[%clk 0:17:00]} 43. Qxg7+ {[%clk 0:46:44]} Kxg7 {[%clk 0:17:29]} 44. b7
{[%clk 0:46:23]} Rb8 {[%clk 0:17:27]} 45. Nf4 {[%clk 0:46:07]} Rhh8
{[%clk 0:15:59]} 46. Rc1 {[%clk 0:43:52]} Rhf8 {[%clk 0:11:39]} 47. Nd3
{[%clk 0:43:35]} Kh6 {[%clk 0:07:38]} 48. Nc5 {[%clk 0:43:43]} Rf7
{[%clk 0:05:51]} 49. Rc3 {[%clk 0:43:05]} Rg7 {[%clk 0:03:48]} 50. Rcb3
{[%clk 0:43:16]} h3 {[%clk 0:02:38]} 51. Nxa6 {[%clk 0:43:25]} hxg2
{[%clk 0:01:54]} 52. Nxb8 {[%clk 0:43:13]} Bf5 {[%clk 0:01:05]} 53. Nxc6
{[%clk 0:43:17]} Rf7 {[%clk 0:00:48]} 54. b8=Q {[%clk 0:42:40]} Rg7
{[%clk 0:00:35]} 55. Qh8+ {[%clk 0:42:57]} 1-0

[Event "MP do lat 16 - dziewczeta"]
[Site "Sypniewo"]
[Date "2022.03.27"]
[Round "9.9"]
[White "Skolska, Emilia"]
[Black "Gaczol, Julia"]
[Result "1-0"]
[BlackElo "1462"]
[WhiteElo "1362"]
[LiveChessVersion "1.4.8"]

1. e4 {[%clk 1:30:57]} c5 {[%clk 1:29:52]} 2. Nc3 {[%clk 1:31:20]} Nc6
{[%clk 1:27:26]} 3. f4 {[%clk 1:31:40]} d6 {[%clk 1:25:54]} 4. Bb5
{[%clk 1:31:32]} Bd7 {[%clk 1:26:06]} 5. Nf3 {[%clk 1:31:20]} e6 {[%clk 1:25:31]}
6. O-O {[%clk 1:30:49]} g6 {[%clk 1:15:11]} 7. d3 {[%clk 1:30:02]} Bg7
{[%clk 1:10:55]} 8. Bd2 {[%clk 1:28:21]} Nge7 {[%clk 1:10:03]} 9. Qe1
{[%clk 1:25:21]} a6 {[%clk 1:07:07]} 10. Bxc6 {[%clk 1:25:44]} Bxc6
{[%clk 1:04:06]} 11. Qh4 {[%clk 1:18:44]} b5 {[%clk 0:53:00]} 12. Rab1
{[%clk 1:15:43]} d5 {[%clk 0:42:13]} 13. Rfe1 {[%clk 1:09:13]} d4
{[%clk 0:37:00]} 14. Nd1 {[%clk 1:05:44]} O-O {[%clk 0:23:59]} 15. g4
{[%clk 1:02:37]} f5 {[%clk 0:19:15]} 16. Ng5 {[%clk 0:57:38]} h6 {[%clk 0:07:21]}
17. Nxe6 {[%clk 0:56:51]} Qd6 {[%clk 0:06:35]} 18. Nxf8 {[%clk 0:54:03]} fxg4
{[%clk 0:05:28]} 19. Nxg6 {[%clk 0:52:26]} Qxg6 {[%clk 0:05:28]} 20. Qxe7
{[%clk 0:51:27]} g3 {[%clk 0:05:04]} 21. Qh4 {[%clk 0:50:20]} Kh7
{[%clk 0:01:01]} 22. hxg3 {[%clk 0:49:30]} Bf6 {[%clk 0:01:11]} 23. Qh3
{[%clk 0:48:45]} Kg7 {[%clk 0:00:47]} 24. f5 {[%clk 0:47:56]} Qh7
{[%clk 0:01:09]} 25. e5 {[%clk 0:47:47]} 1-0